000 00401cam a22001337a 4500
008 180718b1961 xxu||||| |||| 00| 0 eng d
082 _aA6x667 N659
100 _aNerumah, Kwame
245 _aI speak of freedom: a statement of African ideology.
_cby Kwame Nkrumah
260 _aLondon
_bHeinemann
_c1961
300 _axiv, 291p
650 _aAfrica -Politics and government.
650 _aGhana -History
999 _c413189
_d413189